Statistiques concernant prénoms masculins les plus populaires par D

Cliquez ici pour prendre le quiz!

Statistiques générales

  • Ce quiz a été pris 1 044 fois
  • Le résultat moyen est 6 sur 9

Statistiques - réponses

HintRéponse% Correct
1erDaniel
79%
2èmeDavid
79%
6èmeDamien
77%
4èmeDidier
74%
3èmeDominique
74%
5èmeDenis
65%
9èmeDorian
53%
8èmeDimitri
40%
7èmeDylan
40%

Distribution des résultats

Percentile par nombre de réponses

% des personnes avec chaque résultat

Votre développement - résultats

Vous n’avez pas pris ce quiz